000 01441cam a2200133 4500500
005 20260322000133.0
041 _afre
042 _adc
100 1 0 _aMaingueneau, Dominique
_eauthor
245 0 0 _aDiscours et analyse du discours : Une introduction
260 _bArmand Colin,
_c2024.
520 _aDans le monde entier, les travaux qui se réclament du « discours » ont envahi l’ensemble des sciences humaines et sociales et des humanités. À quelque discipline qu’ils appartiennent, ceux qui aujourd’hui sont amenés à étudier des textes écrits ou oraux ont besoin de comprendre les enjeux de l’analyse du discours et les ressources qu’elle propose. Cet ouvrage veut aider les étudiants à appréhender ses présupposés majeurs et les grandes divisions qui le structurent, à comprendre comment les analystes du discours élaborent leurs objets à l’aide de catégories comme genre, type de discours, formation discursive... Ils pourront également prendre la mesure de la diversité des modes de manifestation du discours : de la banale conversation entre amis à la philosophie, des interactions orales aux écrans d’ordinateur, car l’univers du discours dans lequel nous construisons nos identités et donnons sens à nos activités apparaît profondément hétérogène.
856 4 1 _uhttps://shs.cairn.info/discours-et-analyse-du-discours-2e-ed--9782200639068?lang=fr&redirect-ssocas=7080
999 _c1703528
_d1703528